[Event "Helsinki Club-ch"]
[Site "Helsinki"]
[Date "1992.??.??"]
[Round "?"]
[White "Shalnev, Nicolai"]
[Black "Karner, Hillar"]
[Result "0-1"]
[WhiteElo "2305"]
[BlackElo "2365"]

1.e4 e6 2.d4 d5 3.Nc3 Bb4 4.e5 b6 5.a3 Bf8 6.b4 c5 7.Bb5+ Bd7 8.Bxd7+ Nxd7
9.Rb1 cxd4 10.Qxd4 Ne7 11.f4 Rc8 12.Nge2 h5 13.Qd3 g6 14.Nb5 Nc6 15.Be3 a6
16.Nbd4 Nxd4 17.Nxd4 Nb8 18.O-O Qc7 19.Rb3 Qc4 20.Qd2 Be7 21.Rf3 Qc7 22.Bf2 Qb7
23.Rfc3 Rxc3 24.Rxc3 Kd7 25.Nb3 Rc8 26.Rxc8 Kxc8 27.Qd4 Bd8 28.c4 dxc4 29.Qxc4+ Qc6
30.Qd3 Bc7 31.Bh4 Qd7 32.Qc2 Nc6 33.Bf2 Kb7 34.Be3 Qd5 35.Nd2 Nd4 36.Qb2 Nf5
37.Qc3 Nh4 38.Nf3 Nxf3+ 39.gxf3 Qxf3 40.Qd2 Qd5 41.Bd4 Bd8 42.a4 h4 43.Kf2 Qh1
44.Ke3 g5 45.Bc3 gxf4+ 46.Kxf4 Qf1+ 47.Ke4 Qf5+ 48.Kd4 Qf3 49.Kc4 b5+ 50.axb5 axb5+
51.Kb3 Qd5+ 52.Qxd5+ exd5 53.h3 Kc6 54.Kc2 Kd7 55.Kd3 Ke6 56.Ke3 Bc7 57.Be1 Bxe5
58.Bxh4 Bc3 59.Bd8 Bxb4 60.h4 Be7 61.Bxe7 Kxe7  0-1

[Event "FIN-ch"]
[Site "Helsinki"]
[Date "1992.??.??"]
[Round "8"]
[White "Westerinen, Heikki MJ"]
[Black "Kekki, Petri"]
[Result "1/2-1/2"]
[WhiteElo "2430"]
[BlackElo "2285"]

1.e4 e6 2.d4 d5 3.Nc3 Bb4 4.e5 Ne7 5.Bd2 Nf5 6.Nf3 Nc6 7.Ne2 Be7 8.c3 h5
9.Ng3 h4 10.Nxf5 exf5 11.Qc1 Rh5 12.Be2 g5 13.h3 Be6 14.Nh2 Rh8 15.f4 gxf4
16.Bxf4 Na5 17.O-O c5 18.dxc5 Bxc5+ 19.Kh1 Nc6 20.Nf3 Qb6 21.Bd3 O-O-O 22.Qc2 Rh5
23.b4 Bf8 24.Bg5 Be7 25.Bxe7 Nxe7 26.Nd4 Rg8 27.Bxf5 Nxf5 28.Nxf5 Bxf5 29.Rxf5 Rxg2
30.Qxg2 Rxf5 31.Qxd5 Qe3 32.Qc4+ Kb8 33.Qxh4 Qf3+ 34.Kh2 Qe2+ 35.Kh1 Qf3+
36.Kh2 Qe2+ 37.Kh1 Qf3+  1/2-1/2

[Event "HUN-chT"]
[Site "HUN"]
[Date "1992.??.??"]
[Round "?"]
[White "Bali, Janos"]
[Black "Portisch, Gabor"]
[Result "1-0"]
[WhiteElo "2255"]
[BlackElo "2295"]

1.e4 e6 2.d4 d5 3.Nc3 Bb4 4.e5 Ne7 5.a3 Bxc3+ 6.bxc3 c5 7.Nf3 Qa5 8.Bd2 Bd7
9.Bd3 c4 10.Be2 Ba4 11.O-O Nbc6 12.h4 O-O-O 13.Ng5 Rdf8 14.Bg4 Nd8 15.h5 h6
16.Nh3 Qc7 17.Nf4 Qc6 18.Rc1 b5 19.Qf3 a5 20.Qh3 Kb7 21.Ne2 Ka6 22.f4 g6
23.Be1 Nf5 24.Bxf5 gxf5 25.Bh4 Qe8 26.Ng3 Rhg8 27.Rf2 Nc6 28.Ra1 Qd7 29.Nf1 Rb8
30.Ne3 Ne7 31.Kh1 Qa7 32.Bxe7 Qxe7 33.g4 fxg4 34.Nxg4 f5 35.Nf6 Rg7 36.Rg2 Rxg2
37.Qxg2 Rb7 38.Kh2 Qg7 39.Rg1 Qf8 40.Qg8 Qxa3 41.Qxe6+ Ka7 42.Nxd5 Bxc2 43.Rg6 Qf8
44.Rg8 Qf7 45.Qxf7 Rxf7 46.e6  1-0

[Event "IRL-op"]
[Site "IRL"]
[Date "1992.??.??"]
[Round "?"]
[White "Carton, Niall"]
[Black "Quinn, Mark"]
[Result "1/2-1/2"]
[WhiteElo "2240"]
[BlackElo "2275"]

1.e4 e6 2.d4 d5 3.Nc3 Bb4 4.e5 Qd7 5.a3 Bxc3+ 6.bxc3 b6 7.Qg4 f5 8.Qh5+ Qf7
9.Qf3 Ba6 10.Bxa6 Nxa6 11.h4 Nb8 12.Nh3 Nc6 13.Nf4 O-O-O 14.Qe2 Kb7 15.Nd3 Ka8
16.Nb2 Qd7 17.Be3 Nge7 18.f4 Na5 19.Kf2 Qc6 20.Bd2 Nc4 21.Rhb1 a5 22.a4 Nc8  1/2-1/2

[Event "Ireland-Wales"]
[Site "IRL"]
[Date "1992.??.??"]
[Round "?"]
[White "Daly, Colm"]
[Black "Morris, Charles F"]
[Result "1-0"]
[WhiteElo "2225"]
[BlackElo "2225"]

1.e4 e6 2.d4 d5 3.Nc3 Bb4 4.e5 Ne7 5.a3 Bxc3+ 6.bxc3 c5 7.Nf3 Qa5 8.Bd2 Nbc6
9.a4 Bd7 10.Bb5 c4 11.O-O h6 12.Re1 Nc8 13.Qb1 Nb6 14.Qb2 Nd8 15.Reb1 O-O
16.Qa3 Bxb5 17.Rxb5 Qa6 18.Qe7 Rc8 19.Qh4 Nxa4 20.Bxh6 gxh6 21.Rb4 b5 22.Qxh6 f5
23.exf6 Rc7 24.Qg5+ Kh8 25.Ne5 Rg8 26.Qh6+ Rh7 27.Ng6+ Rxg6 28.Qxg6 Nf7 29.Raxa4 Qxa4
30.Rxa4 bxa4 31.Qg3  1-0

[Event "Karvina op"]
[Site "Karvina"]
[Date "1992.??.??"]
[Round "3"]
[White "Velicka, Petr"]
[Black "Rogovskoy, Alexander"]
[Result "1/2-1/2"]
[WhiteElo "2400"]
[BlackElo "2260"]

1.e4 e6 2.d4 d5 3.Nc3 Bb4 4.e5 Ne7 5.Bd2 Nbc6 6.Nce2 Bxd2+ 7.Qxd2 b6 8.Nf4 Ng6
9.Nf3 Nxf4 10.Qxf4 Nb4 11.Kd2 Ba6 12.Qg3 O-O 13.a3 Bxf1 14.axb4 Bb5 15.Qh4 f6
16.Rhe1 Qe7 17.c3 Qe8 18.exf6 Rxf6 19.Re3 Rg6 20.g4 Qf8 21.Ne5 Rf6 22.Ke1 c5
23.bxc5 bxc5 24.Rd1 Rf4 25.dxc5 Qxc5 26.Nd3 Bxd3  1/2-1/2

[Event "Kobanya op"]
[Site "Kobanya op"]
[Date "1992.??.??"]
[Round "10"]
[White "Honfi, Karoly"]
[Black "Dely, Peter"]
[Result "1/2-1/2"]
[WhiteElo "2070"]
[BlackElo "2430"]

1.e4 e6 2.d4 d5 3.Nc3 Bb4 4.e5 b6 5.Qg4 Bf8 6.Bb5+ c6 7.Bd3 Ba6 8.Nf3 Bxd3
9.cxd3 Qd7 10.O-O Ne7 11.Ne2 h5 12.Qh3 Na6 13.Bg5 Ng6 14.a3 c5 15.Rfd1 Nb8
16.Rac1 Nc6 17.Qg3 Nce7 18.dxc5 bxc5 19.Nh4 Nxh4 20.Qxh4 Ng6 21.Qg3 Qb7 22.Nf4 h4
23.Qe3 d4 24.Qe2 Nxf4 25.Bxf4 h3 26.gxh3 Be7 27.Rc4 Rxh3 28.Bg3 a5 29.Qg4 Rh7
30.Rd2 g6 31.Qd1 Kf8 32.Qc2 Kg7 33.Re2 Rhh8  1/2-1/2

[Event "Kuala Lumpur op"]
[Site "Kuala Lumpur"]
[Date "1992.??.??"]
[Round "6"]
[White "Hodgson, Julian M"]
[Black "Johansen, Darryl K"]
[Result "1/2-1/2"]
[WhiteElo "2545"]
[BlackElo "2485"]

1.d4 e6 2.e4 d5 3.Nc3 Bb4 4.e5 b6 5.a3 Bf8 6.Bb5+ c6 7.Ba4 Bd7 8.Bb3 Ne7
9.Nce2 c5 10.c3 Bb5 11.Bc2 Nbc6 12.h4 Qd7 13.b3 cxd4 14.cxd4 Rc8 15.h5 Nf5
16.Ra2 Be7 17.Nf3 f6 18.Bxf5 exf5 19.O-O O-O 20.Re1 fxe5 21.dxe5 Bxe2 22.Raxe2 h6
23.Rd2 Rfd8 24.e6 Qe8 25.Rxd5 Qxh5 26.Bb2 Qg6 27.Rxd8+ Rxd8 28.Qc2 Rd6 29.b4 b5
30.Qc5 Kh7 31.Qxb5 Rxe6 32.Rxe6 Qxe6 33.Qd3 Bf6 34.Bxf6 Qxf6 35.Qd5 a6 36.g3 Ne7
37.Qe5 Qc6 38.Kg2 Qd7 39.a4 Ng6 40.Qa5 Qd3 41.b5 axb5 42.Qxb5 Qe4 43.a5 Nh4+
44.gxh4 Qg4+ 45.Kf1 Qxf3 46.Qc4 Qd1+ 47.Kg2 f4 48.Qe4+ Kh8 49.Qf5 Qc1 50.Qd3 Qc6+
51.Qf3 Qg6+ 52.Kh2 Qa6 53.Qc3 Kh7 54.Qc2+ Kh8 55.Qc3 Qg6 56.Qf3 Qa6 57.Qd5 Qe2
58.Qd4 Qb5 59.Qb6 Qh5 60.Qd8+ Kh7 61.a6 Qg6 62.Qa8  1/2-1/2

[Event "Ladenburg BM"]
[Site "Ladenburg"]
[Date "1992.??.??"]
[Round "2"]
[White "Pfrommer, Christoph"]
[Black "Beikert, Guenther"]
[Result "1/2-1/2"]
[WhiteElo "2310"]
[BlackElo "2350"]

1.e4 e6 2.d4 d5 3.Nc3 Bb4 4.e5 b6 5.a3 Bxc3+ 6.bxc3 Ne7 7.Nf3 Ba6 8.Bxa6 Nxa6
9.Qe2 Nb8 10.a4 c5 11.Ba3 Nd7 12.O-O Rc8 13.a5 O-O 14.axb6 axb6 15.dxc5 bxc5
16.c4 Qb6 17.Rfe1 Ra8 18.cxd5 exd5 19.Ng5 Ng6 20.Qh5 h6 21.e6 hxg5 22.exd7 Rfd8
23.Qxg5 Rxd7 24.h4 Rc8 25.Re3 d4 26.Rg3 Qe6 27.c4 d3 28.Rd1 d2 29.Qe3 Nxh4
30.Qxe6 fxe6 31.Re3 Kf7 32.Re2 Rd3 33.Bb2 Rcd8 34.Ba1 Ng6 35.Re3 Rxe3 36.fxe3 Ra8
37.Bb2 Ra4 38.Rxd2 Rxc4 39.Kf2 Ne7 40.Ke2 Nd5 41.Kf3 g5 42.g4 Ra4 43.Bc1 Nf6
44.Rc2 Nd7 45.Kg3 e5 46.e4 Rxe4 47.Bxg5 Ke6 48.Kf3 Re1 49.Be3 Kd5 50.Rd2+ Ke6
51.Rc2 Kd5  1/2-1/2

[Event "Lisbon-chB"]
[Site "Lisbon"]
[Date "1992.??.??"]
[Round "6"]
[White "Ribeiro, Fernando"]
[Black "Santos, Antonio P"]
[Result "1-0"]
[WhiteElo "2220"]
[BlackElo "2290"]

1.e4 e6 2.d4 d5 3.Nc3 Bb4 4.e5 Qd7 5.Qg4 f5 6.Qg3 b6 7.a3 Bxc3+ 8.bxc3 Ba6
9.Bxa6 Nxa6 10.Ne2 Nb8 11.O-O Nc6 12.a4 O-O-O 13.a5 Nxa5 14.Qd3 Nc4 15.Bg5 Ne7
16.Rxa7 Nc6 17.Ra8+ Kb7 18.Rxd8 Nxd8 19.Bxd8 Rxd8 20.Qh3 h6 21.Nf4 Ra8 22.Qh5 Nd2
23.Re1 Ne4 24.Qg6 Re8 25.c4 dxc4 26.d5 Re7 27.h4 exd5 28.e6 Qd6 29.Qxf5 Nf6
30.Ng6 Re8 31.e7 Ne4 32.Qf7 Qf6 33.Qxd5+ c6 34.Qxe4  1-0

[Event "Lloyds Bank op"]
[Site "London"]
[Date "1992.??.??"]
[Round "?"]
[White "Lalic, Susan"]
[Black "Rogers, Ian"]
[Result "1/2-1/2"]
[WhiteElo "2335"]
[BlackElo "2565"]

1.e4 e6 2.d4 d5 3.Nc3 Bb4 4.e5 Ne7 5.Qg4 Nf5 6.Bd3 h5 7.Qf4 Nc6 8.Bxf5 exf5
9.Ne2 Be6 10.Qg5 Bxc3+ 11.bxc3 Qxg5 12.Bxg5 Na5 13.h4 Kd7 14.Nf4 b6 15.Ke2 Nc4
16.Rhd1 Rac8 17.Rab1 c5 18.Kd3 cxd4 19.cxd4 Rc7 20.c3 g6 21.Rdc1 Rhc8 22.Rb5 Kc6
23.a4 a6 24.Rb3 Kb7 25.Rcb1 Ka7 26.Rb4 Rc6 27.R4b3 Na5 28.Ra3 Rc4 29.Kd2 Rxd4+
30.cxd4 Nc4+ 31.Kd1 Nxa3 32.Rc1 Nc4 33.Ke2 Kb7 34.g3 a5 35.Nd3 Bd7 36.Ra1 Ka6
37.Bc1 Rb8 38.Kf3 Be6 39.Kf4 b5 40.Nc5+ Ka7 41.axb5 Rb6  1/2-1/2

[Event "Los Angeles"]
[Site "Los Angeles"]
[Date "1992.??.??"]
[Round "?"]
[White "Brooks, Michael A"]
[Black "Duckworth, William  Mark"]
[Result "1-0"]
[WhiteElo "2440"]
[BlackElo "2295"]

1.e4 e6 2.d4 d5 3.Nc3 Bb4 4.e5 b6 5.Nf3 Qd7 6.Bd3 Ba6 7.O-O Bxd3 8.Qxd3 h6
9.Ne2 c5 10.c4 b5 11.cxd5 exd5 12.dxc5 Ne7 13.Be3 O-O 14.a3 Ba5 15.Nfd4 a6
16.f4 Nbc6 17.Nxc6 Nxc6 18.Nd4 Rae8 19.Rad1 Bc7 20.Nxc6 Qxc6 21.Qxd5 Qxd5
22.Rxd5 f6 23.Rd7 Bb8 24.c6 Rf7 25.Bb6  1-0

[Event "Los Angeles"]
[Site "Los Angeles"]
[Date "1992.??.??"]
[Round "?"]
[White "Schroer, Jonathan"]
[Black "Gliksman, David N"]
[Result "0-1"]
[WhiteElo "2395"]
[BlackElo "2240"]

1.e4 e6 2.d4 d5 3.Nc3 Bb4 4.e5 b6 5.Nf3 Ne7 6.Bd3 Ba6 7.O-O Bxc3 8.bxc3 Bxd3
9.cxd3 c5 10.dxc5 bxc5 11.d4 O-O 12.Qd3 h6 13.Rb1 Qa5 14.dxc5 Nd7 15.Nd4 Nxc5
16.Qh3 Ne4 17.Rb7 Rae8 18.Rb3 Rb8 19.c4 Rxb3 20.axb3 dxc4 21.Qe3 Qxe5 22.f3 Rd8
23.Ne2 Rd3 24.Qxe4 Qxe4 25.fxe4 cxb3 26.Ba3 Nc6 27.Rb1 a5 28.Kf2 a4 29.Bc5 Rd2
30.Ke3 Rc2 31.Bd6 f6 32.Kd3 e5 33.g3 Na7 34.h4 Nb5 35.Bb4 Ra2 36.Kc4 Na3+
37.Bxa3 Rxe2 38.Kb5 Rxe4 39.Bb4 Rg4 40.Kxa4 Rxg3 41.Rxb3 Rg4 42.Rh3 Kf7 43.Kb5 f5
44.Kc5 Ke6 45.h5 f4 46.Rh1 Rg2 47.Kc4 Kf5 48.Bc3 f3 49.Kd3 e4+ 50.Kd4 f2
51.Rf1 Kf4 52.Be1 Kf3 53.Bxf2 Rxf2 54.Rg1 Rd2+ 55.Ke5 e3 56.Rxg7 e2 57.Rg1 Rd1  0-1

[Event "Los Angeles"]
[Site "Los Angeles"]
[Date "1992.??.??"]
[Round "?"]
[White "Longren, William B"]
[Black "Gliksman, David N"]
[Result "1-0"]
[WhiteElo "2305"]
[BlackElo "2240"]

1.e4 e6 2.d4 d5 3.Nc3 Bb4 4.e5 b6 5.Bd2 Ne7 6.Nf3 Ba6 7.Bxa6 Nxa6 8.Ne2 Bxd2+
9.Qxd2 c5 10.c3 O-O 11.Ng3 cxd4 12.cxd4 Qd7 13.O-O Rac8 14.Rfc1 Qa4 15.h4 h6
16.Nh2 Nc6 17.Rd1 Ncb4 18.b3 Qa3 19.Ng4 Rc2 20.Qf4 Rxa2 21.Rab1 Nc6 22.Nh5 Qe7
23.Nxg7 f5 24.exf6 Qxg7 25.Nxh6+ Kh7 26.fxg7  1-0

[Event "Manila ol (Women)"]
[Site "Manila"]
[Date "1992.??.??"]
[Round "?"]
[White "Coull, Alison"]
[Black "Ranniku, Maaja"]
[Result "0-1"]
[WhiteElo "2005"]
[BlackElo "2195"]

1.e4 e6 2.d4 d5 3.Nc3 Bb4 4.e5 Ne7 5.Qg4 Kf8 6.h4 h5 7.Qd1 c5 8.a3 Ba5 9.Nf3 cxd4
10.Nxd4 Bxc3+ 11.bxc3 Qc7 12.Bd2 Qxe5+ 13.Be2 Nbc6 14.Nf3 Qc7 15.Kf1 e5 16.Ng5 g6
17.g4 hxg4 18.Bxg4 Bxg4 19.Qxg4 Qc8 20.Qe2 f6 21.Nf3 Kf7 22.Rb1 Na5 23.Qb5 b6
24.Qe2 Qc4 25.Qxc4 Nxc4 26.Bc1 Rad8 27.Ke2 Rh5 28.Nd2 Rdh8 29.Nf3 e4 30.Nd4 Rxh4
31.Rxh4 Rxh4 32.Nb5 a5 33.Nd4 Rh1 34.Ra1 f5 35.Nb3 a4 36.Nd2 Nxd2 37.Kxd2 Nc6
38.c4  0-1

[Event "Manila ol (Men)"]
[Site "Manila"]
[Date "1992.??.??"]
[Round "?"]
[White "Mortensen, Erling"]
[Black "Rodgaard, John"]
[Result "1/2-1/2"]
[WhiteElo "2430"]
[BlackElo "2360"]

1.e4 e6 2.d4 d5 3.Nc3 Bb4 4.e5 Ne7 5.a3 Bxc3+ 6.bxc3 b6 7.Nh3 Ng6 8.f4 c5
9.Qf3 Qc7 10.Bd2 Ba6 11.Bxa6 Nxa6 12.f5 exf5 13.Qxf5 Qc8 14.Qf3 O-O 15.Qxd5 cxd4
16.cxd4 Rd8 17.Qe4 Qc4 18.Be3 Nc5 19.Qf3 Qc3+ 20.Kf2 Nh4 21.Qg4 Qxc2+ 22.Qe2 Ne4+  1/2-1/2

[Event "Manila ol (Men)"]
[Site "Manila"]
[Date "1992.??.??"]
[Round "?"]
[White "Milu, Romeo Sorin"]
[Black "Ilinsky, Vladimir"]
[Result "0-1"]
[WhiteElo "2400"]
[BlackElo "2340"]

1.e4 e6 2.d4 d5 3.Nc3 Bb4 4.e5 b6 5.Qg4 Bf8 6.h4 Qd7 7.h5 Nc6 8.Be3 Bb7 9.Nf3 O-O-O
10.O-O-O Kb8 11.Kb1 a6 12.Ne2 f5 13.Qh3 Nh6 14.Nf4 Nf7 15.g4 g5 16.gxf5 gxf4
17.fxe6 Qe7 18.Bxf4 Bc8 19.Qg3 Bxe6 20.Bxa6 Bh6 21.Bxh6 Nxh6 22.Ne1 Rdf8
23.a3 Rhg8 24.Qc3 Nd8 25.Nd3 Rf3 26.Qe1 Ng4 27.Rg1 Rgf8 28.Rg3 c6 29.Qe2 Qf7
30.Rdg1 Rxg3 31.Rxg3 Nxf2 32.Nb4 Ne4 33.Rb3 Ka7 34.Ka2 Qf2  0-1

[Event "Capablanca mem-B"]
[Site "Matanzas"]
[Date "1992.??.??"]
[Round "2"]
[White "Lugo, Blas"]
[Black "Paneque, Pedro"]
[Result "1-0"]
[WhiteElo "2415"]
[BlackElo "2375"]

1.e4 e6 2.d4 d5 3.Nc3 Bb4 4.e5 Qd7 5.Bd2 Bxc3 6.Bxc3 b6 7.Qg4 f5 8.exf6 Nxf6
9.Qh4 Ba6 10.Bxa6 Nxa6 11.Nf3 O-O 12.O-O Ne4 13.Ng5 Nxg5 14.Qxg5 Nb8 15.Rae1 Nc6
16.Re2 Rf6 17.Rfe1 Raf8 18.Qg4 Rg6 19.Qh3 Rff6 20.Qd3 Rg4 21.Qh3 Rgg6 22.Qd3 Rf4
23.g3 Rf5 24.Bd2 Qf7 25.f4 h5 26.Rg2 Ne7 27.Qa6 Rff6 28.Qxa7 Nf5 29.Qa8+ Kh7
30.Qa3 Nxd4 31.Qd3 Nc6 32.b4 Rf5 33.b5 Ne7 34.Bc3 c5 35.Be5 d4 36.h3 Nd5
37.Qe4 Nf6 38.Bxf6 Qxf6 39.Rf1 e5 40.Kh2 Kg8 41.fxe5  1-0

[Event "Moscow rapid"]
[Site "Moscow"]
[Date "1992.??.??"]
[Round "?"]
[White "Yagupov, Igor"]
[Black "Vaganian, Rafael A"]
[Result "1-0"]
[WhiteElo "2400"]
[BlackElo "2615"]

1.e4 e6 2.d4 d5 3.Nc3 Bb4 4.e5 b6 5.a3 Bf8 6.Bb5+ Bd7 7.Bd3 c5 8.Nf3 Nc6
9.O-O a6 10.Bf4 Nge7 11.Re1 Nxd4 12.Nxd4 cxd4 13.Ne2 Nc6 14.b4 b5 15.Ng3 g6
16.Nf1 Bg7 17.Nd2 f6 18.Nf3 fxe5 19.Nxe5 O-O 20.Nxc6 Bxc6 21.Qe2 Bd7 22.Bd6 Rf7
23.g3 g5 24.Qh5 Bh8 25.Be5 Bxe5 26.Rxe5 Rg7 27.Qg4 Qf6 28.Rae1 Rf8 29.Qxd4 Qf3
30.R1e2 h6 31.Qb6 Bc8 32.a4 bxa4 33.Bxa6 Bd7 34.Bd3 a3 35.Qa6 d4 36.Rxe6 Bxe6
37.Qxe6+ Qf7 38.Bc4 Qxe6 39.Rxe6 Kh7 40.Bd3+ Kg8 41.Bc4 Kh8 42.Rxh6+ Rh7
43.Ra6 Rf3 44.Bd3 Rhf7 45.Rxa3 Rxf2 46.Ra5 Rd2 47.Rxg5 Rff2 48.h4 Rg2+ 49.Kf1 Rdf2+
50.Ke1 Rf3 51.h5 Rh2 52.b5 Rf8 53.Re5 Ra8 54.Be2 Ra1+ 55.Kd2 Rb1 56.Rd5 Kg7
57.g4 Kf7 58.g5 Ke6  1-0

[Event "Munich op9192"]
[Site "Munich"]
[Date "1992.??.??"]
[Round "1"]
[White "Kindermann, Stefan"]
[Black "Gallus, Gerald"]
[Result "1-0"]
[WhiteElo "2500"]
[BlackElo "2290"]

1.e4 e6 2.d4 d5 3.Nc3 Bb4 4.e5 b6 5.Bd2 Qd7 6.Bb5 c6 7.Ba4 Bxc3 8.Bxc3 a5
9.a3 Ba6 10.Ne2 Bb5 11.Bxb5 cxb5 12.Nf4 Ne7 13.Nh5 O-O 14.Bd2 f5 15.exf6 gxf6
16.Bh6 Rf7 17.Bg7  1-0

[Event "Munich op9192"]
[Site "Munich"]
[Date "1992.??.??"]
[Round "5"]
[White "Bachmayr, Peter"]
[Black "De Francesco, Klaus"]
[Result "0-1"]
[WhiteElo "2365"]
[BlackElo "2265"]

1.e4 e6 2.d4 d5 3.Nc3 Bb4 4.e5 Ne7 5.Bd2 Nf5 6.Nf3 Nc6 7.Ne2 Be7 8.a3 h5
9.b4 a6 10.c3 Nb8 11.Ng3 Nd7 12.Nxf5 exf5 13.h4 Nb6 14.Bg5 Be6 15.Bd3 Nc4
16.Qc1 Bxg5 17.Nxg5 Qe7 18.Qf4 g6 19.a4 Nb6 20.a5 Nd7 21.b5 axb5 22.Bxb5 c6
23.Be2 b5 24.O-O Kf8 25.Ra2 Kg7 26.Rfa1 Ra7 27.Nf3 Rha8 28.Qd2 Qd8 29.Ng5 Nf8
30.Nh3 Qxh4 31.Nf4 Nh7 32.Nd3 Qe7 33.Qb2 h4 34.Qb4 Qg5 35.Qd6 f4 36.Kh2 h3
37.g3 fxg3+ 38.fxg3 Qe3 39.Bf1 Ng5 40.Nf4 Nf3+  0-1

[Event "Nordic zt"]
[Site "?"]
[Date "1992.??.??"]
[Round "3"]
[White "Ernst, Thomas"]
[Black "Hansen, Lars Bo"]
[Result "1/2-1/2"]
[WhiteElo "2570"]
[BlackElo "2530"]

1.e4 e6 2.d4 d5 3.Nc3 Bb4 4.e5 Ne7 5.a3 Bxc3+ 6.bxc3 c5 7.Qg4 O-O 8.Bd3 Nbc6
9.Nf3 f5 10.exf6 Rxf6 11.Bg5 Rf7 12.Qh5 g6 13.Qh4 Qa5 14.Bd2 c4 15.Be2 Nf5
16.Qg5 Bd7 17.g4 Nd6 18.h4 Ne4 19.Qe3 e5 20.h5 exd4 21.Nxd4 Re8 22.hxg6 hxg6
23.Rh6 Rg7 24.Nxc6 bxc6 25.Qh3 Kf7 26.Rh7 Nxd2 27.Kxd2 Qc7 28.Qh6 Qe5 29.Qxg7+ Qxg7
30.Rxg7+ Kxg7 31.Rb1 Bc8 32.Rb8 Kf7 33.Ra8 a6 34.Ra7+ Re7 35.Rxe7+ Kxe7 36.Ke3 a5
37.Kf4 Kf6 38.g5+ Ke7 39.Ke5 Bf5 40.Bd1 Be4 41.f3 Bf5 42.Kd4 Kd6 43.f4 Be4
44.Ke3 Bf5 45.Kd4 Be4  1/2-1/2

[Event "Nordic zt"]
[Site "?"]
[Date "1992.??.??"]
[Round "7"]
[White "Hellers, Ferdinand"]
[Black "Hansen, Lars Bo"]
[Result "1-0"]
[WhiteElo "2500"]
[BlackElo "2530"]

1.e4 e6 2.d4 d5 3.Nc3 Bb4 4.e5 Ne7 5.a3 Bxc3+ 6.bxc3 c5 7.Qg4 O-O 8.Bd3 Nbc6
9.Bg5 Qa5 10.Ne2 Ng6 11.h4 Nxd4 12.Qg3 Nxe2 13.Bxe2 Nxe5 14.f4 Nd7 15.Bh6 g6
16.Bxf8 Nxf8 17.h5 Bd7 18.hxg6 fxg6 19.O-O Re8 20.c4 Qd2 21.Qd3 Qxd3 22.cxd3 Bc6
23.Bf3 Nd7 24.Rae1 Nb6 25.cxd5 Nxd5 26.g4 Rf8 27.Rxe6 Nxf4 28.Rd6 Bxf3 29.Rxf3 Rf7
30.Kh2 Kg7 31.Re3 b6 32.Kg3 g5 33.Re5 h6 34.a4 Ng6 35.Re8 Nh4 36.Red8 Rf3+
37.Kh2 Rf2+ 38.Kg1 Rd2 39.R8d7+ Kf8 40.Rxh6 Nf3+ 41.Kh1 Kg8 42.Rxa7 Ra2 43.Rb7 Rxa4
44.Rg6+ Kh8 45.Re6 Ra8 46.Rf7 Nh4 47.Rxb6 Re8 48.Rbb7 Kg8 49.Kg1 Rd8 50.Rg7+ Kh8
51.Rh7+ Kg8 52.Rbg7+ Kf8 53.Rh8+ Kxg7 54.Rxd8 Ng6 55.Rd5 Kf6 56.Kf2 Nf4 57.Rf5+ Kg6
58.Ke3 Ne6 59.Ke4 Kh7 60.Re5  1-0

[Event "Oviedo rapid45"]
[Site "Oviedo"]
[Date "1992.??.??"]
[Round "5"]
[White "Sion Castro, Marcelino"]
[Black "Vaganian, Rafael A"]
[Result "1-0"]
[WhiteElo "2375"]
[BlackElo "2590"]

1.e4 e6 2.d4 d5 3.Nc3 Bb4 4.e5 b6 5.Qg4 Bf8 6.Bb5+ Bd7 7.Bd3 Nc6 8.a3 h5
9.Qf4 g5 10.Qg3 Nxd4 11.Bxg5 Qb8 12.Nge2 Nxe2 13.Nxe2 Bg7 14.Bf6 Bxf6 15.exf6 Qd8
16.O-O-O Nxf6 17.Rhe1 Rg8 18.Qf3 Ng4 19.Nf4 Qg5 20.Bh7 Ne5 21.Rxe5 Qxe5 22.Bxg8 Qf6
23.Qg3 Qh6 24.Re1 O-O-O 25.Re5 Qh8 26.Rg5 h4 27.Qg4  1-0

[Event "Oviedo rapid45"]
[Site "Oviedo"]
[Date "1992.??.??"]
[Round "8"]
[White "Magem Badals, Jorge"]
[Black "Zlotnik, Boris A"]
[Result "0-1"]
[WhiteElo "2515"]
[BlackElo "2455"]

1.e4 e6 2.d4 d5 3.Nc3 Bb4 4.e5 Ne7 5.a3 Bxc3+ 6.bxc3 c5 7.h4 Qa5 8.Bd2 cxd4
9.cxd4 Qa4 10.h5 h6 11.Rb1 Qxd4 12.Nf3 Qc5 13.Bd3 Nec6 14.Rh4 Qxa3 15.Rg4 Kf8
16.Rgb4 a5 17.Rb5 Qe7 18.c4 dxc4 19.Bxc4 Kg8 20.Be3 Na6 21.Qa4 Nc7 22.Bc5 Qe8
23.R5b3 Bd7 24.Qa1 b5 25.Bxb5 Nxb5 26.Rxb5 Nb4 27.R5xb4 axb4 28.Qd4 Bc6 29.Nd2 Bxg2
30.Rxb4 Qc6 31.Bd6 Qc2 32.f3 Qc1+  0-1

[Event "Pardubice op"]
[Site "Pardubice"]
[Date "1992.??.??"]
[Round "2"]
[White "Lipka, Juraj"]
[Black "Shtyrenkov, Veniamen"]
[Result "1/2-1/2"]
[WhiteElo "2310"]
[BlackElo "2460"]

1.e4 e6 2.d4 d5 3.Nc3 Bb4 4.e5 b6 5.Qg4 Bf8 6.Nf3 Qd7 7.Be2 Ba6 8.O-O Ne7
9.a4 Nf5 10.a5 Qc6 11.axb6 Bxe2 12.b7 Bxf1 13.bxa8=Q Qxa8 14.Kxf1 Be7 15.Bg5 Bxg5
16.Qxg5 Qb7 17.g4 h6 18.Qd2 Ne7 19.Qd3 a6 20.b3 h5 21.g5 O-O 22.Ne2 g6 23.Ra4 Qb6
24.Qc3 Nd7 25.Qb4 Qxb4 26.Rxb4 Nb6 27.Nc3 Nc6 28.Ra4 Nxa4 29.Nxa4 a5 30.Ke2 Nb4
31.Kd2 Na6 32.Ne1 Rb8 33.Nd3 Kf8 34.Ndc5 Nxc5 35.Nxc5 Ke7 36.h4 Rb5 37.Kd3 Kd8
38.Kc3 Kc8 39.Na4 Kb8 40.Kb2 Kb7 41.c3 Kc6 42.Ka3 Rb8 43.Ka2 Re8 44.Nc5 Kb5
45.Kb2 Ra8 46.Na4 Ra6 47.Ka3 Rc6 48.Kb2 Ka6 49.Ka2 Kb7 50.Ka3 Kc8 51.Nc5 Rb6
52.Na4  1/2-1/2

[Event "Paris-ch"]
[Site "Paris"]
[Date "1992.??.??"]
[Round "6"]
[White "Nemirovski, Serge"]
[Black "Droulers, Denis"]
[Result "1-0"]
[WhiteElo "2265"]
[BlackElo "2285"]

1.e4 e6 2.d4 d5 3.Nc3 Bb4 4.e5 Ne7 5.Bd2 b6 6.Bb5+ c6 7.Ba4 Ba6 8.Nce2 Bxd2+
9.Qxd2 Bb5 10.Bxb5 cxb5 11.f4 Nbc6 12.Nf3 h5 13.O-O-O Nf5 14.g3 Qe7 15.h3 g6
16.g4 Ng7 17.Rhf1 Rc8 18.Rf2 Nb4 19.Nc3 a6 20.Ng5 hxg4 21.hxg4 Kd7 22.a3 Nc6
23.f5 gxf5 24.gxf5 Nxf5 25.Rxf5 exf5 26.Nxd5 Nxd4 27.Nxe7  1-0

[Event "Paris-ch"]
[Site "Paris"]
[Date "1992.??.??"]
[Round "8"]
[White "Guadalpi, David"]
[Black "Le Bideau, Alain"]
[Result "1-0"]
[WhiteElo "2240"]
[BlackElo "2290"]

1.e4 e6 2.d4 d5 3.Nc3 Bb4 4.e5 Ne7 5.a3 Bxc3+ 6.bxc3 c5 7.h4 Nbc6 8.h5 h6
9.Nf3 Qc7 10.Rh4 Nf5 11.Rg4 Bd7 12.Bd3 Nce7 13.a4 c4 14.Bf1 Qa5 15.Rf4 g5
16.Rg4 Bxa4 17.Nh2 b5 18.Bd2 O-O-O 19.f4 Rdg8 20.Qf3 Qb6 21.Ra2 gxf4 22.Bxf4 Nc6
23.Rxg8+ Rxg8 24.g4 Nfxd4 25.cxd4 Qxd4 26.c3 Qc5 27.Be3 Qe7 28.Qf6 Qxf6 29.exf6 Rh8
30.Nf3 Bb3 31.Rh2 a5 32.g5 hxg5 33.Nxg5 Ne5 34.Bd4 Ng4 35.Rh4 Nh6 36.Bh3 Kd7
37.Nf3 Bc2 38.Ne5+ Kd6 39.Rf4 b4 40.cxb4 axb4 41.Rf2 b3 42.Kd2 Be4 43.Rf1 Rb8
44.Ra1 Rb7 45.Ra8 Kc7 46.Re8 Rb5 47.Re7+ Kc8 48.Nc6 Rb7 49.Rxb7 Kxb7 50.Nd8+ Kc7
51.Nxe6+ fxe6 52.Bxe6 Kd6 53.f7 Nxf7 54.Bxf7 Ke7 55.Bg6 Kf8 56.Ke3 Bc2 57.Kf4 Bd1
58.h6  1-0

[Event "Fishbecks"]
[Site "Pasadena"]
[Date "1992.??.??"]
[Round "?"]
[White "Lee, Dan"]
[Black "Duckworth, William  Mark"]
[Result "0-1"]
[WhiteElo "2255"]
[BlackElo "2295"]

1.e4 e6 2.d4 d5 3.Nc3 Bb4 4.e5 b6 5.Nf3 Qd7 6.Bd2 h6 7.Bd3 Ba6 8.Bxa6 Nxa6
9.O-O c6 10.Qe2 Nc7 11.Nb5 Bf8 12.Nxc7+ Qxc7 13.c4 Ne7 14.Rac1 Qd7 15.Bb4 Ng6
16.Bxf8 Rxf8 17.Rc3 O-O-O 18.cxd5 Qxd5 19.Rfc1 Ne7 20.h3 Kb8 21.b4 Qb5 22.Qxb5 cxb5
23.a3 Nd5 24.R3c2 Rc8 25.Nd2 Rxc2 26.Rxc2 Rc8 27.Rxc8+ Kxc8 28.Ne4 Kd7 29.Kf1 f5
30.exf6 gxf6 31.Ke2 f5 32.Nd2 Nf4+ 33.Kf3 Nd3 34.g4 fxg4+ 35.hxg4 a5 36.Ke3 Nb2
37.f4 Nd1+ 38.Ke2 Nc3+ 39.Kd3 axb4 40.axb4 Nd5 41.Ke4 Nxb4 42.g5 h5 43.f5 exf5+
44.Kxf5 Nd5 45.Ne4 b4 46.Nf6+ Nxf6 47.Kxf6 b3 48.g6 b2 49.g7 b1=Q 50.g8=Q Qf1+
51.Ke5 Qe2+ 52.Kf4 Qd2+ 53.Ke4 Qc2+ 54.Ke3 Qc1+ 55.Ke4 Qe1+ 56.Kf4 Qf2+ 57.Ke4 Qe2+
58.Kf4 Qe7 59.Kf5 Kd6 60.Qb8+ Kc6 61.Qa8+ Kb5 62.Qd5+ Kb4 63.Qe5 Qd7+ 64.Ke4 h4
65.d5 Qg4+ 66.Ke3 Qg1+ 67.Ke2 Qg4+ 68.Ke3 h3 69.d6 Qg1+ 70.Ke2 Qg2+ 71.Kd3 Qf1+
72.Kd2 Qf2+ 73.Kd3 Qf3+ 74.Kd2 h2 75.Qxh2 Qc3+  0-1

[Event "Pila"]
[Site "Pila"]
[Date "1992.??.??"]
[Round "2"]
[White "Lanc, Alois"]
[Black "Tibensky, Robert"]
[Result "1/2-1/2"]
[WhiteElo "2470"]
[BlackElo "2365"]

1.e4 e6 2.d4 d5 3.Nc3 Bb4 4.e5 b6 5.a3 Bf8 6.f4 Ne7 7.Be3 Ba6 8.Bxa6 Nxa6
9.Nf3 Nf5 10.Bf2 h5 11.Ne2 Qd7 12.Ng3 Be7 13.Nxf5 exf5 14.Qd3 Nb8 15.O-O O-O
16.Rfe1 Nc6 17.c4 g6 18.Rac1 Bd8 19.c5 Re8 20.b4 a6 21.cxb6 cxb6 22.Rc3 b5
23.Rec1 Na7 24.Bh4 Bb6 25.Bf6 Rac8 26.Rc5 Bxc5 27.dxc5 Nc6 28.Nd4 Rc7 29.Rd1 Nxd4
30.Qxd4 a5 31.Qxd5 Qxd5 32.Rxd5 axb4 33.axb4 Ra7 34.h3 Ra4 35.Bd8 Rxb4 36.c6 Rc4
37.c7 Re6 38.Rxb5 Rec6 39.Rb8 Kh7 40.Rb7 Rc2 41.c8=Q Rxc8 42.Rxf7+ Kg8 43.Rd7 R8c4
44.Bf6 Re2 45.Rd8+  1/2-1/2

[Event "POL-ch"]
[Site "?"]
[Date "1992.??.??"]
[Round "10"]
[White "Macieja, Bartlomiej"]
[Black "Gdanski, Jacek"]
[Result "1/2-1/2"]
[WhiteElo "2300"]
[BlackElo "2435"]

1.e4 e6 2.d4 d5 3.Nc3 Bb4 4.e5 Ne7 5.a3 Bxc3+ 6.bxc3 c5 7.a4 Qa5 8.Qd2 b6
9.Rb1 Ba6 10.Bb5+ Bxb5 11.axb5 a6 12.bxa6 Nbc6 13.Ne2 Qxa6 14.O-O O-O 15.Ng3 f6
16.exf6 Rxf6 17.Nh5 Rf5 18.Ng3 Rf7 19.dxc5 bxc5 20.Qe3 Qc4 21.Qxe6  1/2-1/2